000 00817nam a22001937a 4500
003 OSt
005 20150408114040.0
008 120530s2012 ua a f |||| 000 0 ara d
020 _a9789776341609
040 _cMU
082 0 4 _221
_a658.1511
_bم ز م
100 _aمحرم، زينات محمد
_915266
245 _aالمحاسبة الإدارية :
_bتحليل سلوك التكلفة، تخطيط الانتاج والأرباح، الموازنات التخطيطية ... /
_cزينات محمد محرم، محمد محمود البابلي.
260 _aالإسكندرية، مصر :
_bدار التعليم الجامعي،
_c2012
300 _a353 ص. ؛
_c24 سم.
650 4 _aالمحاسبة الإدارية.
_914988
700 _aالبابلي، محمد محمود
_915267
942 _2ddc
_cDVD
999 _c23828
_d258328